Historia de la Ciudad de México (Record no. 9830)
[ view plain ]
| 000 -CABECERA | |
|---|---|
| campo de control de longitud fija | 00912nam a2200229 a 4500 |
| 001 - NÚMERO DE CONTROL | |
| campo de control | BRL_1018 |
| 005 - FECHA Y HORA DE LA ÚLTIMA TRANSACCIÓN | |
| campo de control | 20190320211010.0 |
| 008 - DATOS DE LONGITUD FIJA--INFORMACIÓN GENERAL | |
| campo de control de longitud fija | 311013s1973----mx-a######---#000-0#spa-# |
| 041 ## - CÓDIGO DE LENGUA | |
| Código de lengua del texto/banda sonora o título independiente | spa |
| 044 ## - CÓDIGO DEL PAÍS DE LA ENTIDAD EDITORA/PRODUCTORA | |
| Código MARC del país | mx |
| 050 #4 - SIGNATURA TOPOGRÁFICA DE LA BIBLIOTECA DEL CONGRESO | |
| Número de clasificación | F1386.3 |
| Número de documento/Ítem | .O76 1973 |
| 100 1# - ENTRADA PRINCIPAL--NOMBRE DE PERSONA | |
| Nombre de persona | Orozco y Berra, Manuel |
| Fechas asociadas al nombre | 1816-1881 |
| 9 (RLIN) | 539 |
| 245 10 - MENCIÓN DE TÍTULO | |
| Título | Historia de la Ciudad de México |
| Resto del título | desde su fundación hasta 1854 |
| Mención de responsabilidad, etc. | Selección de artículos de Manuel Orozco y Berra publicados en el diccionario Universal de Historia y geografía (1854), preparada por el seminario de Historia Urbana del Departamento de Investigaciones Históricas del INAH. |
| 260 ## - PUBLICACIÓN, DISTRIBUCIÓN, ETC. | |
| Lugar de publicación, distribución, etc. | México |
| Nombre del editor, distribuidor, etc. | Secretaría de Educación Pública |
| Fecha de publicación, distribución, etc. | 1973 |
| 300 ## - DESCRIPCIÓN FÍSICA | |
| Extensión | 188 p. |
| Otras características físicas | il. |
| Dimensiones | 17 cm. |
| 440 #0 - MENCIÓN DE SERIE/PUNTO DE ACCESO ADICIONAL--TÍTULO | |
| Título | Sepsetentas |
| 9 (RLIN) | 22717 |
| 500 ## - NOTA GENERAL | |
| Nota general | Au1106 |
| 651 #4 - PUNTO DE ACCESO ADICIONAL DE MATERIA--NOMBRE GEOGRÁFICO | |
| Nombre geográfico | Cuidad de México |
| Subdivisión general | Historia |
| 9 (RLIN) | 25593 |
| 651 #4 - PUNTO DE ACCESO ADICIONAL DE MATERIA--NOMBRE GEOGRÁFICO | |
| Nombre geográfico | Cuidad de México |
| Subdivisión general | Descripciones y viajes |
| 9 (RLIN) | 25594 |
| 902 ## - CATALOGADOR | |
| Iniciales | GRL |
| 942 ## - ELEMENTOS DE PUNTO DE ACCESO ADICIONAL (KOHA) | |
| Fuente del sistema de clasificación o colocación | Library of Congress Classification |
| Tipo de ítem Koha | Libros |
| Estado de retiro | Estado de pérdida | Estado dañado | No para préstamo | Localización permanente | Ubicación/localización actual | Fecha de adquisición | Número de inventario | Total de préstamos | Signatura topográfica completa | Código de barras | Fecha visto por última vez | Precio válido a partir de | Tipo de ítem Koha |
|---|---|---|---|---|---|---|---|---|---|---|---|---|---|
| El ejemplar forma parte de la colección y puede ser consultado según las políticas vigentes. | Biblioteca Centro de Estudios Ruth D. Lechuga | Biblioteca Centro de Estudios Ruth D. Lechuga | 31/10/2013 | Au1106 | F1386.3 .O76 1973 (Au1106) | GRL01097 | 22/03/2019 | 22/03/2019 | Libros |